| 000 | 00511nam a2200157 i 4500 | ||
|---|---|---|---|
| 001 | 22322 | ||
| 003 | ES-MaACL | ||
| 005 | 20230906152656.0 | ||
| 007 | t| | ||
| 008 | 021202s1958 sp ||||1| spa d | ||
| 100 | 1 |
_aAldea Eguilaz, Raimundo. _919621 |
|
| 245 | 1 | 4 |
_aLos derechos de Navarra _b: (prontuario de divulgación foral) / _cpor Raimundo Aldea Eguilaz. |
| 260 |
_a[S.l. : _bs.n., _c1958] ( _ePamplona : _fImp. de los P.P. Capuchinos) |
||
| 300 |
_a97 p. ; _c15 cm. |
||
| 852 |
_aES-MaACL _jC-15288 _bR.42432 |
||
| 999 |
_c22322 _d22322 |
||